000 03500nas1a22003971i 4500
001 RU\NLR\INFOCOMM19\1000082949
005 20240726020934.0
035 _a(NLR Aleph) 002581582
090 _a3280427
_c3280427
100 _a20040608b19731975|||y0rusy50 ca
101 0 _arus
102 _aRU
110 _aayu||||0|y0
200 1 _aОбзоры по связи
_fЦентр НТИ, Информсвязь МОНИИС
210 _aМ.
_d1973-1975
309 _aОтпеч. множит. аппаратом
801 1 _aRU
_bInfoComm
_c20040608
801 0 _aRU
_bNLR
_gPSBO
852 _aNLR
_jП10/4832
942 _cJOURNAL
980 _aRUSPER